书目信息 |
| 题名: |
解梦
|
|
| 作者: | 弗洛伊德 原著 ;杨东雄 译 | |
| 分册: | ||
| 出版信息: | 北京 台海出版社 2004.4 |
|
| 页数: | 250页 | |
| 开本: | 22cm | |
| 丛书名: | ||
| 单 册: | ||
| 中图分类: | B84-065 | |
| 科图分类: | ||
| 主题词: | ||
| 电子资源: | ||
| ISBN: | 7-80141-344-X | |
| 000 | 00779nam0 2200253 45 | |
| 001 | 012004000000 | |
| 005 | 20041025093616.47 | |
| 010 | @a7-80141-344-X@dCNY 29.80 | |
| 100 | @a20040915d2004 em y0chiy0121 ea | |
| 101 | 1 | @achi@cger |
| 102 | @aCN@b110000 | |
| 105 | @aa z 000yy | |
| 200 | 1 | @a解梦@Ajie meng@e听弗洛伊德谈解梦@f(奥)弗洛伊德原著@g杨东雄译 |
| 210 | @a北京@c台海出版社@d2004.4 | |
| 215 | @a250页@c图@d22cm | |
| 312 | @a封面并列题名: Explain the dream world | |
| 510 | 1 | @aExplain the dream world@zeng |
| 517 | 1 | @a听弗洛伊德谈解梦 |
| 600 | 1 | @a弗洛伊德@bS.@f1856-1939@x精神分析 |
| 690 | @aB84-065@v4 | |
| 701 | 0 | @a弗洛伊德@Afu luo yi de@4原著 |
| 702 | 0 | @a杨东雄@Ayang dong xiong@4译 |
| 801 | 0 | @aCN@bQSSKxf@c20041025 |
| 905 | @a10447@dB84-065@eF590 | |
| 解梦:听弗洛伊德谈解梦/(奥)弗洛伊德原著/杨东雄译.-北京:台海出版社,2004.4 |
| 250页:图;22cm |
| ISBN 7-80141-344-X:CNY 29.80 |
| ● |
| 相关链接 |
|
|
|
正题名:解梦
索取号:B84-065/F590
 
预约/预借
| 序号 | 登录号 | 条形码 | 馆藏地/架位号 | 状态 | 备注 |
| 1 | 422282 | 204222821 | 社科库509/509社科库 34排4列3层/ [索取号:B84-065/F590] | 在馆 | |
| 2 | 422283 | 204222830 | 社科库509/509社科库 34排4列3层/ [索取号:B84-065/F590] | 在馆 | |
| 3 | 422284 | 204222849 | 社科库509/509社科库 34排4列3层/ [索取号:B84-065/F590] | 在馆 |